[Event "IECC Swiss-508.1"]
[Site "IECC email"]
[Date "2006.02.23"]
[Round "?"]
[White "Brown, Fred"]
[Black "Porkolab, Sandor"]
[Result "0-1"]
[WhiteElo "1676"]
[BlackElo "2068"]
[PlyCount "80"]
[EventDate "2006.??.??"]
[EventType "swiss (corr)"]
[EventRounds "1"]
[SourceTitle "Corr 2020"]
[Source "ChessBase"]
[SourceDate "2019.09.30"]
[SourceVersion "1"]
[SourceVersionDate "2019.09.30"]
[SourceQuality "1"]
[WhiteTeam "South Africa"]
[BlackTeam "Hungary"]
[WhiteTeamCountry "RSA"]
[BlackTeamCountry "HUN"]

1. e4 c5 2. Nf3 d6 3. g3 Nc6 4. Bg2 g6 5. 0-0 Bg7 6. d3 Nf6 7. c3 0-0 8. Re1 e5 9. Nbd2 Rb8 10. a4 a6 11. Nc4 h6 12. d4 cxd4 13. cxd4 exd4 14. Nxd4 Nxe4 15. Nxc6 bxc6 16. Bxe4 d5 17. Bf4 Rb4 18. Bd6 Rxc4 19. Bxf8 Qxf8 20. Bd3 Rb4 21. Rc1 c5 22. b3 Bb2 23. Rc2 Bd4 24. Kg2 Kg7 25. Rce2 Qd6 26. Qc2 Qf6 27. f3 a5 28. Rf1 h5 29. h4 g5 30. hxg5 Qxg5 31. Rh1 Be3 32. Kf1 h4 33. g4 Bd4 34. Qd1 Bf6 35. Rhh2 Be5 36. Rxe5 Qxe5 37. Rxh4 Qf6 38. Rh7+ Kg8 39. Kg2 c4 40. bxc4 Rb2+ 0-1

[Event "IECC Swiss-488.2"]
[Site "IECC email"]
[Date "2005.03.07"]
[Round "?"]
[White "Wozniak, Zbigniew"]
[Black "Brown, Fred"]
[Result "0-1"]
[WhiteElo "1819"]
[BlackElo "1609"]
[PlyCount "70"]
[EventDate "2005.??.??"]
[EventType "swiss (corr)"]
[EventRounds "1"]
[SourceTitle "Corr 2020"]
[Source "ChessBase"]
[SourceDate "2019.09.30"]
[SourceVersion "1"]
[SourceVersionDate "2019.09.30"]
[SourceQuality "1"]
[WhiteTeam "Poland"]
[BlackTeam "South Africa"]
[WhiteTeamCountry "POL"]
[BlackTeamCountry "RSA"]

1. e4 e5 2. Nf3 Nc6 3. Bb5 Nf6 4. 0-0 Nxe4 5. d4 Nd6 6. Bxc6 dxc6 7. dxe5 Nf5 8. Qxd8+ Kxd8 9. Nc3 Ke8 10. h3 a5 11. Ne4 Be6 12. Bg5 h6 13. Bf4 Rd8 14. b3 c5 15. c3 a4 16. g4 Ne7 17. Nxc5 Bd5 18. Nd2 Ng6 19. Be3 h5 20. g5 Bxc5 21. Bxc5 Be6 22. Bd4 Bxh3 23. Rfd1 Be6 24. bxa4 h4 25. Rab1 Rh5 26. Rxb7 Rxg5+ 27. Kh2 Bd5 28. Rxc7 Rg2+ 29. Kh1 Rxf2+ 30. Kg1 Rg2+ 31. Kf1 h3 32. e6 fxe6 33. Rxg7 h2 34. Rh7 Rd7 35. Rh6 Rf7+ 0-1

[Event "IECC Swiss-488.1"]
[Site "IECC email"]
[Date "2004.08.06"]
[Round "?"]
[White "Brown, Fred"]
[Black "Perez, Giorgio"]
[Result "1-0"]
[WhiteElo "1559"]
[BlackElo "2055"]
[PlyCount "77"]
[EventDate "2004.??.??"]
[EventType "swiss (corr)"]
[EventRounds "1"]
[SourceTitle "Corr 2020"]
[Source "ChessBase"]
[SourceDate "2019.09.30"]
[SourceVersion "1"]
[SourceVersionDate "2019.09.30"]
[SourceQuality "1"]
[WhiteTeam "South Africa"]
[BlackTeam "Italy"]
[WhiteTeamCountry "RSA"]
[BlackTeamCountry "ITA"]

1. e4 e5 2. Nf3 Nc6 3. Bb5 a6 4. Ba4 Nf6 5. 0-0 Nxe4 6. d4 b5 7. Bb3 d5 8. dxe5 Be6 9. Nbd2 Nc5 10. c3 d4 11. Bxe6 Nxe6 12. cxd4 Ncxd4 13. a4 bxa4 14. Qxa4+ Qd7 15. Nxd4 Nxd4 16. Ne4 Qxa4 17. Rxa4 Nc6 18. f4 Bb4 19. Be3 a5 20. Rc1 Kd7 21. Raa1 Ne7 22. Rd1+ Ke8 23. Rac1 c6 24. Bc5 Rb8 25. Rc4 Nd5 26. Bxb4 Nxb4 27. Nd6+ Kf8 28. Ra1 f6 29. Rxa5 fxe5 30. Ra7 h5 31. Nf7 Kg8 32. Nxh8 Kxh8 33. fxe5 Nd3 34. e6 Rxb2 35. h3 Re2 36. e7 Kh7 37. Rxc6 Nf4 38. Kf1 h4 39. Rc4 1-0

[Event "IECC Swiss email"]
[Site "IECC email"]
[Date "2000.03.05"]
[Round "?"]
[White "Hughes, Stephen J"]
[Black "Brown, Fred"]
[Result "1-0"]
[WhiteElo "1433"]
[BlackElo "1576"]
[PlyCount "71"]
[EventDate "2000.??.??"]
[EventType "tourn (corr)"]
[EventRounds "6"]
[SourceTitle "Corr 2008"]
[Source "ChessBase"]
[SourceDate "2008.06.24"]
[SourceVersion "1"]
[SourceVersionDate "2008.06.24"]
[SourceQuality "1"]

1. e4 d5 2. exd5 Nf6 3. d4 Nxd5 4. c4 Nb6 5. Nf3 g6 6. Nc3 Bg7 7. h3 0-0 8. Be3 Nc6 9. Qd2 e5 10. d5 Na5 11. b3 e4 12. Nd4 c6 13. dxc6 Nxc6 14. Rd1 Nxd4 15. Bxd4 Bxd4 16. Qxd4 Qxd4 17. Rxd4 f5 18. Nb5 Nd7 19. Be2 Nc5 20. 0-0 a5 21. Rfd1 Ne6 22. Rd6 Kf7 23. Rb6 Ke7 24. Nd6 Ra7 25. g3 Rd8 26. Rd5 a4 27. b4 Ng5 28. Re5+ Be6 29. c5 Kf6 30. Rxe6+ Nxe6 31. Bc4 Raa8 32. Bxe6 Kxe6 33. Nxb7+ Ke5 34. Nxd8 Rxd8 35. Rb7 Rd2 36. c6 1-0

[Event "IECC CL5-1998.17"]
[Site "IECC email"]
[Date "1998.08.08"]
[Round "?"]
[White "Brown, Fred"]
[Black "Kriechel, Ben"]
[Result "1/2-1/2"]
[WhiteElo "1479"]
[BlackElo "1547"]
[PlyCount "34"]
[EventDate "1998.??.??"]
[EventType "tourn (corr)"]
[EventRounds "4"]
[SourceTitle "Corr 2008"]
[Source "ChessBase"]
[SourceDate "2008.06.24"]
[SourceVersion "1"]
[SourceVersionDate "2008.06.24"]
[SourceQuality "1"]

1. d4 Nc6 2. c4 d5 3. Nc3 e6 4. Nf3 Bb4 5. e3 Nge7 6. Bd2 0-0 7. Bd3 dxc4 8. Bxc4 b6 9. 0-0 Bb7 10. Qc2 Nf5 11. a3 Bxc3 12. Bxc3 Nce7 13. Ne5 b5 14. Be2 a5 15. Rfc1 f6 16. Nd3 Be4 17. Qd2 Bxd3 1/2-1/2

[Event "IECC CL5-1998.17"]
[Site "IECC email"]
[Date "1998.08.08"]
[Round "?"]
[White "Gibson, Robert"]
[Black "Brown, Fred"]
[Result "0-1"]
[WhiteElo "1333"]
[BlackElo "1482"]
[PlyCount "58"]
[EventDate "1998.??.??"]
[EventType "tourn (corr)"]
[EventRounds "4"]
[SourceTitle "Corr 2008"]
[Source "ChessBase"]
[SourceDate "2008.06.24"]
[SourceVersion "1"]
[SourceVersionDate "2008.06.24"]
[SourceQuality "1"]

1. d4 Nf6 2. c4 e6 3. Nc3 b6 4. g3 Bb7 5. Nf3 Be7 6. Bg2 Ne4 7. Nxe4 Bxe4 8. 0-0 0-0 9. b3 d5 10. cxd5 Qxd5 11. Bb2 Nd7 12. Rc1 Rac8 13. e3 Qa5 14. Ne5 Bxg2 15. Kxg2 Nxe5 16. dxe5 Rfd8 17. Qc2 Rd7 18. Rfd1 Rcd8 19. Rxd7 Rxd7 20. a4 Qd5+ 21. Kg1 Qf3 22. Qc6 Rd1+ 23. Rxd1 Qxc6 24. Rc1 Qd7 25. Bc3 Ba3 26. Ra1 Qd3 27. Be1 Bb2 28. Ra2 Qxb3 29. Rxb2 Qxb2 0-1

[Event "BCF-chT2 9798 (4NCL)"]
[Site "England"]
[Date "1997.11.23"]
[Round "4.7"]
[White "Cleveland, Richard"]
[Black "Brown, Fred"]
[Result "1-0"]
[WhiteElo "2045"]
[BlackElo "2090"]
[PlyCount "77"]
[EventDate "1997.11.??"]
[EventType "team"]
[EventRounds "11"]
[EventCountry "ENG"]
[SourceTitle "EXT 1999"]
[Source "ChessBase"]
[SourceDate "1998.11.16"]
[SourceVersion "1"]
[SourceVersionDate "1998.11.16"]
[SourceQuality "1"]
[WhiteTeam "Nidum Knights"]
[BlackTeam "Gwent Dragons"]
[WhiteTeamCountry "ENG"]
[BlackTeamCountry "ENG"]

1. d4 Nf6 2. Nf3 g6 3. e3 Bg7 4. b3 0-0 5. Bb2 d5 6. c4 c5 7. Nc3 Qa5 8. cxd5 Nxd5 9. Bc4 cxd4 10. exd4 e6 11. 0-0 Nxc3 12. Qd2 Nc6 13. Bxc3 Qd8 14. Rad1 Ne7 15. Rfe1 a6 16. a4 Nd5 17. Ba5 Qd6 18. Ne5 Bd7 19. Qe2 Rac8 20. Qf3 Bc6 21. Nxc6 Qxc6 22. h4 Rfe8 23. h5 Ne7 24. hxg6 hxg6 25. Qxc6 Nxc6 26. Bb6 Bf6 27. d5 exd5 28. Bxd5 Rxe1+ 29. Rxe1 Kg7 30. Rc1 Ne7 31. Rxc8 Nxc8 32. Bc7 b5 33. Bb7 Ne7 34. Bxa6 Nd5 35. Bb8 bxa4 36. bxa4 Nc3 37. a5 Bd8 38. Be5+ f6 39. Bxc3 1-0